<?xml version="1.0" encoding="UTF-8"?>
<collection xmlns="http://www.loc.gov/MARC21/slim">
 <record>
  <leader>03893cam a2200721  b4500</leader>
  <controlfield tag="001">1176725467</controlfield>
  <controlfield tag="003">DE-627</controlfield>
  <controlfield tag="005">20240312151601.0</controlfield>
  <controlfield tag="007">tu</controlfield>
  <controlfield tag="008">030902s2003    xx ||||| n    00| ||ger c</controlfield>
  <datafield tag="015" ind1=" " ind2=" ">
   <subfield code="a">03,N25,3258</subfield>
   <subfield code="2">dnb</subfield>
  </datafield>
  <datafield tag="016" ind1="7" ind2=" ">
   <subfield code="a">967693233</subfield>
   <subfield code="2">DE-101</subfield>
  </datafield>
  <datafield tag="020" ind1=" " ind2=" ">
   <subfield code="a">3486557033</subfield>
   <subfield code="9">3-486-55703-3</subfield>
  </datafield>
  <datafield tag="020" ind1=" " ind2=" ">
   <subfield code="a">3486557041</subfield>
   <subfield code="9">3-486-55704-1</subfield>
  </datafield>
  <datafield tag="024" ind1="3" ind2=" ">
   <subfield code="a">9783486557039</subfield>
  </datafield>
  <datafield tag="035" ind1=" " ind2=" ">
   <subfield code="a">(DE-627)1176725467</subfield>
  </datafield>
  <datafield tag="035" ind1=" " ind2=" ">
   <subfield code="a">(DE-576)106725467</subfield>
  </datafield>
  <datafield tag="035" ind1=" " ind2=" ">
   <subfield code="a">(DE-599)DNB967693233</subfield>
  </datafield>
  <datafield tag="035" ind1=" " ind2=" ">
   <subfield code="a">(OCoLC)53289330</subfield>
  </datafield>
  <datafield tag="035" ind1=" " ind2=" ">
   <subfield code="a">(OCoLC)248803908</subfield>
  </datafield>
  <datafield tag="040" ind1=" " ind2=" ">
   <subfield code="a">DE-627</subfield>
   <subfield code="b">ger</subfield>
   <subfield code="c">DE-627</subfield>
   <subfield code="e">rakwb</subfield>
  </datafield>
  <datafield tag="041" ind1=" " ind2=" ">
   <subfield code="a">ger</subfield>
  </datafield>
  <datafield tag="082" ind1="0" ind2=" ">
   <subfield code="a">943 s</subfield>
  </datafield>
  <datafield tag="082" ind1="0" ind2=" ">
   <subfield code="a">274/.03</subfield>
  </datafield>
  <datafield tag="082" ind1="0" ind2=" ">
   <subfield code="a">s</subfield>
  </datafield>
  <datafield tag="082" ind1="0" ind2=" ">
   <subfield code="a">943</subfield>
  </datafield>
  <datafield tag="084" ind1=" " ind2=" ">
   <subfield code="a">12</subfield>
   <subfield code="a">63</subfield>
   <subfield code="2">sdnb</subfield>
  </datafield>
  <datafield tag="084" ind1=" " ind2=" ">
   <subfield code="a">NK 1800</subfield>
   <subfield code="2">rvk</subfield>
   <subfield code="0">(DE-625)rvk/125877:</subfield>
  </datafield>
  <datafield tag="084" ind1=" " ind2=" ">
   <subfield code="a">NK 1000</subfield>
   <subfield code="2">rvk</subfield>
   <subfield code="0">(DE-625)rvk/125849:</subfield>
  </datafield>
  <datafield tag="100" ind1="1" ind2=" ">
   <subfield code="a">Angenendt, Arnold</subfield>
   <subfield code="d">1934-2021</subfield>
   <subfield code="0">(DE-588)115781870</subfield>
   <subfield code="0">(DE-627)077468317</subfield>
   <subfield code="0">(DE-576)160084385</subfield>
   <subfield code="4">aut</subfield>
  </datafield>
  <datafield tag="245" ind1="1" ind2="0">
   <subfield code="a">Grundformen der Frömmigkeit im Mittelalter</subfield>
   <subfield code="c">von Arnold Angenendt</subfield>
  </datafield>
  <datafield tag="264" ind1=" " ind2="1">
   <subfield code="a">München</subfield>
   <subfield code="b">Oldenbourg</subfield>
   <subfield code="c">2003</subfield>
  </datafield>
  <datafield tag="300" ind1=" " ind2=" ">
   <subfield code="a">X, 158 S.</subfield>
  </datafield>
  <datafield tag="336" ind1=" " ind2=" ">
   <subfield code="a">Text</subfield>
   <subfield code="b">txt</subfield>
   <subfield code="2">rdacontent</subfield>
  </datafield>
  <datafield tag="337" ind1=" " ind2=" ">
   <subfield code="a">ohne Hilfsmittel zu benutzen</subfield>
   <subfield code="b">n</subfield>
   <subfield code="2">rdamedia</subfield>
  </datafield>
  <datafield tag="338" ind1=" " ind2=" ">
   <subfield code="a">Band</subfield>
   <subfield code="b">nc</subfield>
   <subfield code="2">rdacarrier</subfield>
  </datafield>
  <datafield tag="490" ind1="1" ind2=" ">
   <subfield code="a">Enzyklopädie deutscher Geschichte / hrsg. von Lothar Gall in Verbindung mit Peter Blickle ...</subfield>
   <subfield code="v">68</subfield>
  </datafield>
  <datafield tag="650" ind1="0" ind2="7">
   <subfield code="0">(DE-588)4129108-6</subfield>
   <subfield code="0">(DE-627)104535474</subfield>
   <subfield code="0">(DE-576)209607793</subfield>
   <subfield code="a">Mittelalter</subfield>
   <subfield code="2">gnd</subfield>
  </datafield>
  <datafield tag="650" ind1="0" ind2="7">
   <subfield code="0">(DE-588)4018672-6</subfield>
   <subfield code="0">(DE-627)106324446</subfield>
   <subfield code="0">(DE-576)208926046</subfield>
   <subfield code="a">Frömmigkeit</subfield>
   <subfield code="2">gnd</subfield>
  </datafield>
  <datafield tag="650" ind1="0" ind2="7">
   <subfield code="0">(DE-588)4049428-7</subfield>
   <subfield code="0">(DE-627)10618704X</subfield>
   <subfield code="0">(DE-576)209082011</subfield>
   <subfield code="a">Religiosität</subfield>
   <subfield code="2">gnd</subfield>
  </datafield>
  <datafield tag="650" ind1="0" ind2="7">
   <subfield code="0">(DE-588)4121091-8</subfield>
   <subfield code="0">(DE-627)104400293</subfield>
   <subfield code="0">(DE-576)209540443</subfield>
   <subfield code="a">Christianisierung</subfield>
   <subfield code="2">gnd</subfield>
  </datafield>
  <datafield tag="650" ind1="0" ind2="7">
   <subfield code="0">(DE-588)4071867-0</subfield>
   <subfield code="0">(DE-627)104707917</subfield>
   <subfield code="0">(DE-576)209185139</subfield>
   <subfield code="a">Glaube</subfield>
   <subfield code="2">gnd</subfield>
  </datafield>
  <datafield tag="650" ind1="0" ind2="7">
   <subfield code="0">(DE-588)4074722-0</subfield>
   <subfield code="0">(DE-627)106088572</subfield>
   <subfield code="0">(DE-576)209195061</subfield>
   <subfield code="a">Menschenbild</subfield>
   <subfield code="2">gnd</subfield>
  </datafield>
  <datafield tag="650" ind1="0" ind2="7">
   <subfield code="0">(DE-588)4020517-4</subfield>
   <subfield code="0">(DE-627)106317768</subfield>
   <subfield code="0">(DE-576)208933697</subfield>
   <subfield code="a">Geschichte</subfield>
   <subfield code="2">gnd</subfield>
  </datafield>
  <datafield tag="655" ind1=" " ind2="7">
   <subfield code="a">Literaturbericht</subfield>
   <subfield code="0">(DE-588)4167870-9</subfield>
   <subfield code="0">(DE-627)104712805</subfield>
   <subfield code="0">(DE-576)209911700</subfield>
   <subfield code="2">gnd-content</subfield>
  </datafield>
  <datafield tag="689" ind1="0" ind2="0">
   <subfield code="d">s</subfield>
   <subfield code="0">(DE-588)4018672-6</subfield>
   <subfield code="0">(DE-627)106324446</subfield>
   <subfield code="0">(DE-576)208926046</subfield>
   <subfield code="a">Frömmigkeit</subfield>
   <subfield code="2">gnd</subfield>
  </datafield>
  <datafield tag="689" ind1="0" ind2="1">
   <subfield code="a">z</subfield>
   <subfield code="2">gnd</subfield>
   <subfield code="a">Geschichte 500-1500</subfield>
  </datafield>
  <datafield tag="689" ind1="0" ind2=" ">
   <subfield code="5">(DE-627)</subfield>
  </datafield>
  <datafield tag="689" ind1="1" ind2="0">
   <subfield code="d">s</subfield>
   <subfield code="0">(DE-588)4018672-6</subfield>
   <subfield code="0">(DE-627)106324446</subfield>
   <subfield code="0">(DE-576)208926046</subfield>
   <subfield code="a">Frömmigkeit</subfield>
   <subfield code="2">gnd</subfield>
  </datafield>
  <datafield tag="689" ind1="1" ind2="1">
   <subfield code="a">z</subfield>
   <subfield code="2">gnd</subfield>
   <subfield code="a">Geschichte 500-1500</subfield>
  </datafield>
  <datafield tag="689" ind1="1" ind2=" ">
   <subfield code="5">(DE-627)</subfield>
  </datafield>
  <datafield tag="787" ind1="0" ind2="8">
   <subfield code="i">Rezensiert in</subfield>
   <subfield code="a">Endmann, Philipp</subfield>
   <subfield code="t">[Rezension von: Arnold Angenendt, Grundformen der Frömmigkeit im Mittelalter]</subfield>
   <subfield code="d">2004</subfield>
   <subfield code="w">(DE-627)1745064958</subfield>
  </datafield>
  <datafield tag="830" ind1=" " ind2="0">
   <subfield code="a">Enzyklopädie deutscher Geschichte</subfield>
   <subfield code="v">68</subfield>
   <subfield code="9">68</subfield>
   <subfield code="w">(DE-627)1082951528</subfield>
   <subfield code="w">(DE-576)012951528</subfield>
   <subfield code="7">nm</subfield>
  </datafield>
  <datafield tag="856" ind1="4" ind2="2">
   <subfield code="u">http://www.sehepunkte.de/2005/02/5932.html</subfield>
   <subfield code="m">V:DE-576;X:Sehepunkte</subfield>
   <subfield code="q">text/html</subfield>
   <subfield code="v">20180424123743</subfield>
   <subfield code="3">Rezension</subfield>
  </datafield>
  <datafield tag="936" ind1="r" ind2="v">
   <subfield code="a">NK 1800</subfield>
   <subfield code="b">Deutsche Geschichte</subfield>
   <subfield code="k">Geschichte</subfield>
   <subfield code="k">Weltgeschichte, Darstellungen Allgemeine Geschichte einzelner Staaten und Völker Teilgebiete der Geschichte, Sammelwerke</subfield>
   <subfield code="k">Weltgeschichte und allgemeine Geschichte der  Staaten und Völker</subfield>
   <subfield code="k">Weltgeschichte</subfield>
   <subfield code="k">Europäische Geschichte</subfield>
   <subfield code="k">Deutsche Geschichte</subfield>
   <subfield code="0">(DE-627)1271086565</subfield>
   <subfield code="0">(DE-625)rvk/125877:</subfield>
   <subfield code="0">(DE-576)201086565</subfield>
  </datafield>
  <datafield tag="936" ind1="r" ind2="v">
   <subfield code="a">NK 1000</subfield>
   <subfield code="b">Deutschsprachige Reihen und Reihen zur deutschen und österreichischen Gesamtgeschichte</subfield>
   <subfield code="k">Geschichte</subfield>
   <subfield code="k">Weltgeschichte, Darstellungen Allgemeine Geschichte einzelner Staaten und Völker Teilgebiete der Geschichte, Sammelwerke</subfield>
   <subfield code="k">Weltgeschichte und allgemeine Geschichte der  Staaten und Völker</subfield>
   <subfield code="k">Quellen- und Darstellungsreihen zeitlich und thematisch umfassenderer Art</subfield>
   <subfield code="k">Deutschsprachige Reihen und Reihen zur deutschen und österreichischen Gesamtgeschichte</subfield>
   <subfield code="0">(DE-627)1271457121</subfield>
   <subfield code="0">(DE-625)rvk/125849:</subfield>
   <subfield code="0">(DE-576)201457121</subfield>
  </datafield>
  <datafield tag="951" ind1=" " ind2=" ">
   <subfield code="a">MV</subfield>
  </datafield>
  <datafield tag="990" ind1=" " ind2=" ">
   <subfield code="a">Frömmigkeit</subfield>
  </datafield>
  <datafield tag="990" ind1=" " ind2=" ">
   <subfield code="a">Geschichte 500-1500</subfield>
  </datafield>
  <datafield tag="990" ind1=" " ind2=" ">
   <subfield code="a">Frömmigkeit</subfield>
  </datafield>
  <datafield tag="990" ind1=" " ind2=" ">
   <subfield code="a">Geschichte 500-1500</subfield>
  </datafield>
  <datafield tag="991" ind1=" " ind2=" ">
   <subfield code="a">Rezensiertes Werk</subfield>
  </datafield>
  <datafield tag="999" ind1=" " ind2=" ">
   <subfield code="a">KXP-PPN1176725467</subfield>
   <subfield code="e">402053585X</subfield>
  </datafield>
 </record>
</collection>
